History Quiz

Random History or Art Quiz

Name That Art Quiz Stats

 Plays Quiz Updated Nov 16, 2017

Score 0/20 Timer 05:00
13 Plays Today
% Correct
Mona Lisa
99%
The Scream
89%
The Last Supper
86.6%
David
84%
The Thinker
81.8%
The Starry Night
81.1%
American Gothic
53.6%
Water Lilies
49.1%
Venus de Milo
44.1%
Arrangement in Grey and Black: The Artist's Mother
43.3%
% Correct
Pietà
33.7%
The Kiss
31.9%
Nighthawks
24.3%
Winged Victory of Samothrace
24.3%
The Persistence of Memory
23.2%
A Sunday Afternoon on the Island of La Grande Jatte
14.5%
Raft of the Medusa
12.1%
Three Musicians
12.1%
The Son of Man
9.4%
Woman with a Hat
8%

You're not logged in!

Compare scores with friends on all Sporcle quizzes.
OR
Log In

Sporcle TV

Today on Sporcle TV


Watch our educational content, quiz creation guides, and fun videos on Sporcle TV.

Show Comments

Extras

Top Quizzes Today


Score Distribution

Your Account Isn't Verified!

In order to create a playlist on Sporcle, you need to verify the email address you used during registration. Go to your Sporcle Settings to finish the process.

Report this User

Report this user for behavior that violates our Community Guidelines.

Details: